[Event "Women's Speed Chess Q3"]
[Site "chess.com INT"]
[Date "2021.05.30"]
[Round "21"]
[White "Perez Rodriguez, Jennifer"]
[Black "Tokhirjonova, Gulrukhbegim"]
[Result "1-0"]
[WhiteTitle "WIM"]
[BlackTitle "WGM"]
[WhiteElo "2251"]
[BlackElo "2350"]
[WhiteFideId "3507831"]
[BlackFideId "14203626"]
[EventDate "2021.05.30"]

1. e4 e5 2. Nc3 Nc6 3. f4 exf4 4. Nf3 Bb4 5. d4 d5 6. e5 Nge7 7. Bxf4 Ng6 8. Be3
Bg4 9. Bd3 O-O 10. O-O Nce7 11. Ne2 c6 12. c3 Ba5 13. Ng3 Bc7 14. h3 Bd7 15. Bc2
f6 16. Qd3 f5 17. Ne2 f4 18. Nxf4 Bf5 19. Qd2 Nxf4 20. Bxf5 Nxg2 21. Be6+ Kh8
22. Qxg2 Ng6 23. Ng5 Qe7 24. Nf7+ Kg8 25. Ng5+ Kh8 26. Bf5 Nh4 27. Qg4 Nxf5 28.
Rxf5 h6 29. Nf3 Rxf5 30. Qxf5 Rf8 31. Qg4 Qf7 32. Kg2 Bd8 33. Rf1 Qe8 34. Nd2
Rxf1 35. Nxf1 Qf7 36. Ng3 Be7 37. Qf5 Qe8 38. Nh5 Bf8 39. Nf4 Kg8 40. e6 Bd6 41.
Ng6 b5 42. Ne5 c5 43. Qf7+ Qxf7 44. exf7+ Kf8 45. Bf4 cxd4 46. cxd4 Bb4 47. Kf3
g5 48. Bg3 a5 49. Kg4 Kg7 50. Kf5 Bd2 51. Ke6 a4 52. Ke7 Bb4+ 53. Ke8 Bd6 54.
Nd7 1-0

[Event "Women's Speed Chess Q3"]
[Site "chess.com INT"]
[Date "2021.05.30"]
[Round "21"]
[White "Dauletova, Gulmira"]
[Black "Novikova, Anna"]
[Result "1-0"]
[WhiteTitle "WGM"]
[BlackTitle "WIM"]
[WhiteElo "2285"]
[BlackElo "2247"]
[WhiteFideId "13702971"]
[BlackFideId "4146794"]
[EventDate "2021.05.30"]

1. e4 c5 2. Nf3 e6 3. d4 cxd4 4. Nxd4 Nf6 5. Nc3 Nc6 6. Be3 Bb4 7. f3 d5 8. exd5
Nxd5 9. Nxc6 bxc6 10. Bd4 O-O 11. Be2 Nxc3 12. bxc3 Be7 13. O-O Bf6 14. Qd3 a5
15. Rfd1 Ba6 16. Qe4 Qe7 17. c4 Bxd4+ 18. Rxd4 c5 19. Rd2 Rad8 20. Rad1 Rxd2 21.
Rxd2 Bb7 22. Qe5 f6 23. Qd6 Re8 24. Qb6 h6 25. Qxa5 Kh7 26. Qb6 f5 27. a4 Qf6
28. a5 Bc8 29. a6 Qa1+ 30. Rd1 Qxa6 31. Qxa6 Bxa6 32. Rd6 Bb7 33. Rd7 Rb8 34.
Rc7 Bc8 35. Rxc5 Ra8 36. Rc7 e5 37. c5 Be6 38. Re7 Bg8 39. Rxe5 Rc8 40. Kf2 Kg6
41. Bd3 Kf6 42. Rxf5+ Ke6 43. g4 Rc7 44. Bc4+ Ke7 45. Bxg8 1-0

[Event "Women's Speed Chess Q3"]
[Site "chess.com INT"]
[Date "2021.05.30"]
[Round "21"]
[White "Campos, Maria Jose"]
[Black "Ribeiro, Regina"]
[Result "1-0"]
[WhiteTitle "WFM"]
[BlackTitle "WIM"]
[WhiteElo "2133"]
[BlackElo "1920"]
[WhiteFideId "146803"]
[BlackFideId "2100681"]
[EventDate "2021.05.30"]

1. g3 Nf6 2. Bg2 g6 3. c4 Bg7 4. Nc3 d6 5. d3 O-O 6. e4 c6 7. Nge2 e5 8. O-O Be6
9. h3 Qd7 10. Kh2 h5 11. Be3 a5 12. b3 Na6 13. d4 exd4 14. Nxd4 Nb4 15. Qd2 c5
16. Nxe6 fxe6 17. Rad1 Rad8 18. a3 Nc6 19. f4 e5 20. f5 Nd4 21. fxg6 Ne8 22.
Rxf8+ Bxf8 23. Bxd4 cxd4 24. Nd5 Bg7 25. Qg5 Nf6 26. Nxf6+ Bxf6 27. Qxf6 Rf8 28.
Qg5 Qg7 29. Qxh5 Rf6 30. c5 Rxg6 31. g4 dxc5 32. Qf5 Qf6 33. Rf1 Qxf5 34. gxf5
Rf6 35. Rc1 b6 36. Bf1 Kg7 37. Bc4 Kh6 38. Kg3 Kg5 39. Rg1 Rh6 40. Be2 Kf6 41.
Bg4 Rh8 42. h4 Rd8 43. Rd1 d3 44. Kf3 b5 45. Ke3 c4 46. bxc4 bxc4 47. h5 Rg8 48.
Bf3 Rg3 49. Rc1 Rh3 50. Rxc4 d2 51. Rc6+ Kg5 52. Rg6+ Kh4 53. Rg4+ Kxh5 54. Rg1+
Kh4 55. Rd1 Rh2 56. Rxd2 Kg3 57. Rxh2 Kxh2 58. f6 Kg3 59. f7 1-0

[Event "Women's Speed Chess Q3"]
[Site "chess.com INT"]
[Date "2021.05.30"]
[Round "21"]
[White "Batsiashvili, Nino"]
[Black "Gaponenko, Inna"]
[Result "1-0"]
[WhiteTitle "GM"]
[BlackTitle "IM"]
[WhiteElo "2491"]
[BlackElo "2357"]
[WhiteFideId "13602993"]
[BlackFideId "14101181"]
[EventDate "2021.05.30"]

1. d4 g6 2. Nf3 Bg7 3. c4 d6 4. Nc3 Bg4 5. g3 Bxf3 6. exf3 e6 7. d5 e5 8. h4 Nf6
9. f4 Nbd7 10. fxe5 Nxe5 11. Be2 O-O 12. Be3 h5 13. Bg5 Qd7 14. O-O Rfe8 15. Kg2
Neg4 16. Qd2 Re5 17. Bf3 Rae8 18. Rae1 Rxe1 19. Rxe1 Rxe1 20. Qxe1 Ne5 21. Be2
Qf5 22. Qd2 Ne4 23. Qf4 Qxf4 24. Bxf4 Nxc3 25. bxc3 Nd7 26. Bd2 Nc5 27. Kf3 Na4
28. Be3 b6 29. a3 Bxc3 30. Bg5 Bb2 31. Bd8 Bxa3 32. Bxc7 Bc5 33. Bd1 Nc3 34. Bc2
a5 35. Bd8 a4 36. Bf6 a3 37. Bxc3 Kf8 38. Ke2 Ke7 39. f3 f5 40. g4 hxg4 41. fxg4
fxg4 42. Bxg6 a2 43. Bc2 Bb4 44. Ba1 Kf7 45. Bb3 Kg6 46. Bxa2 Kh5 47. Bf6 Ba3
48. Kf2 Bc5+ 49. Kg2 Be3 50. Bb3 Bf4 51. Bd8 1-0

[Event "Women's Speed Chess Q3"]
[Site "chess.com INT"]
[Date "2021.05.30"]
[Round "21"]
[White "Petrova, Irina"]
[Black "Samaganova, Alexandra"]
[Result "0-1"]
[WhiteTitle "WIM"]
[BlackTitle "WFM"]
[WhiteElo "2110"]
[BlackElo "1993"]
[WhiteFideId "14124122"]
[BlackFideId "13800221"]
[EventDate "2021.05.30"]

1. e4 c5 2. Nf3 e6 3. c4 a6 4. Nc3 Qc7 5. Be2 Nf6 6. O-O Be7 7. d4 cxd4 8. Nxd4
b6 9. Be3 Bb7 10. f3 d6 11. Qd2 Nbd7 12. Rfc1 Rc8 13. a4 Qb8 14. a5 bxa5 15.
Rxa5 O-O 16. b4 Bd8 17. Ra2 Bc7 18. b5 axb5 19. cxb5 d5 20. exd5 Nxd5 21. Nxd5
Bxd5 22. Rac2 Bxh2+ 23. Kh1 Rxc2 24. Qxc2 Qe5 25. Bf2 Qh5 26. f4 Qh6 27. Bf3
Bxf4+ 28. Kg1 Qh2+ 29. Kf1 Qh1+ 30. Bg1 Bxc1 31. Qxc1 Bxf3 32. gxf3 Qh3+ 33. Ke1
Qh4+ 34. Kf1 Ne5 35. b6 Qh3+ 36. Ke1 Nd3+ 37. Kd2 Nxc1 38. Kxc1 Qf1+ 39. Kd2
Qxg1 40. Ne2 Qxb6 41. Ke1 Rd8 42. Kf1 Qe3 43. Ke1 Qd2+ 44. Kf1 Qd1+ 45. Kf2 Rd2
46. Kg3 Qxe2 0-1

[Event "Women's Speed Chess Q3"]
[Site "chess.com INT"]
[Date "2021.05.30"]
[Round "21"]
[White "Antonova, Nadezhda"]
[Black "Varney, Zoe"]
[Result "1-0"]
[WhiteTitle "WFM"]
[BlackTitle "WCM"]
[WhiteElo "1877"]
[BlackElo "1917"]
[WhiteFideId "14700182"]
[BlackFideId "436135"]
[EventDate "2021.05.30"]

1. b3 Nf6 2. Bb2 d5 3. g3 c6 4. Bg2 e6 5. Nf3 Nbd7 6. d3 Be7 7. Nbd2 O-O 8. O-O
Qc7 9. e4 e5 10. Qe2 d4 11. a4 c5 12. Nc4 b6 13. Nh4 g6 14. f4 exf4 15. gxf4 Bb7
16. e5 Nd5 17. Bxd5 Bxd5 18. Ng2 Qb7 19. Rae1 a6 20. Nd6 Bxd6 21. exd6 Rfe8 22.
Qxe8+ Rxe8 23. Rxe8+ Kg7 24. Re2 b5 25. axb5 axb5 26. f5 Nf6 27. fxg6 hxg6 28.
Bc1 Ng4 29. h3 Bxg2 30. Rxg2 Ne3 31. Bxe3 dxe3 32. Re2 Qd5 33. Rxe3 Qxd6 34.
Ref3 Qe6 35. Rxf7+ Qxf7 36. Rxf7+ Kxf7 37. Kf2 Ke6 38. Ke3 Ke5 39. c3 Kd5 40.
c4+ bxc4 41. bxc4+ Ke5 42. h4 Kf5 43. d4 cxd4+ 44. Kxd4 Kg4 45. c5 Kxh4 46. c6
g5 47. c7 g4 48. c8=Q g3 49. Ke3 g2 50. Kf2 g1=Q+ 51. Kxg1 1-0

[Event "Women's Speed Chess Q3"]
[Site "chess.com INT"]
[Date "2021.05.30"]
[Round "21"]
[White "Pham, Le Thao Nguyen"]
[Black "Padmini, Rout"]
[Result "1-0"]
[WhiteTitle "IM"]
[BlackTitle "IM"]
[WhiteElo "2369"]
[BlackElo "2370"]
[WhiteFideId "12401226"]
[BlackFideId "5029295"]
[EventDate "2021.05.30"]

1. d4 Nf6 2. Nf3 c5 3. c3 cxd4 4. cxd4 d5 5. Nc3 Nc6 6. Bf4 a6 7. e3 g6 8. h3
Bg7 9. Be2 O-O 10. O-O Bf5 11. Rc1 Ne4 12. Na4 Rc8 13. a3 b5 14. Nc5 Nxc5 15.
Rxc5 h6 16. Qd2 g5 17. Bg3 e6 18. Rfc1 Qd7 19. a4 Na7 20. Rc7 Rxc7 21. Rxc7 Qd8
22. Rxa7 bxa4 23. Rxa6 Qc8 24. Rxa4 Qb7 25. Qb4 Qc6 26. Ra1 Rc8 27. Qd2 Qb7 28.
b4 Rc2 29. Qe1 Rb2 30. b5 Kh7 31. Qd1 Qc8 32. Bd3 Bxd3 33. Qxd3+ f5 34. Rb1
Rxb1+ 35. Qxb1 Qb7 36. b6 Bf8 37. Bc7 Kg8 38. g4 fxg4 39. Qg6+ Bg7 40. hxg4 Qc6
41. Ne5 Qc1+ 42. Kg2 Qd1 43. b7 1-0

[Event "Women's Speed Chess Q3"]
[Site "chess.com INT"]
[Date "2021.05.30"]
[Round "21"]
[White "Cori T., Deysi"]
[Black "Paehtz, Elisabeth"]
[Result "1/2-1/2"]
[WhiteTitle "WGM"]
[BlackTitle "IM"]
[WhiteElo "2388"]
[BlackElo "2456"]
[WhiteFideId "3801934"]
[BlackFideId "4641833"]
[EventDate "2021.05.30"]

1. d4 g6 2. Nf3 Bg7 3. g3 d6 4. Bg2 Nf6 5. O-O O-O 6. b3 Nc6 7. Bb2 e6 8. Nbd2
d5 9. c4 Ne4 10. Rc1 f5 11. cxd5 exd5 12. Ne5 Nxe5 13. dxe5 Bh6 14. e3 Bg7 15.
Qc2 c6 16. Rfd1 Qe7 17. f4 Be6 18. Nf3 g5 19. Nd4 Rae8 20. Rf1 h5 21. Bxe4 dxe4
22. Rfd1 g4 23. Nxe6 Qxe6 24. Rd6 Qe7 25. Qc4+ Kh8 26. Rcd1 Rd8 27. Ba3 Qc7 28.
Qe6 Rde8 29. Qg6 Qa5 30. Qxh5+ Kg8 31. Rd7 Qxa3 32. Rxg7+ Kxg7 33. Qg5+ Kh8 34.
Qh6+ Kg8 35. Qg6+ Kh8 36. Qh5+ Kg8 37. Qg5+ Kh8 38. Rd7 Qc1+ 39. Kf2 Qc2+ 40.
Ke1 Qc1+ 41. Ke2 Qc2+ 42. Rd2 Qc5 43. Qh6+ Kg8 44. Qg6+ Kh8 45. Qh6+ Kg8 46.
Qg5+ Kh8 47. Rd7 Qc2+ 48. Rd2 Qc5 1/2-1/2

[Event "Women's Speed Chess Q3"]
[Site "chess.com INT"]
[Date "2021.05.30"]
[Round "21"]
[White "Narva, Regina"]
[Black "Eswaran, Aksithi"]
[Result "0-1"]
[WhiteTitle "WFM"]
[BlackTitle "WCM"]
[WhiteElo "1901"]
[BlackElo "1745"]
[WhiteFideId "4500237"]
[BlackFideId "2083485"]
[EventDate "2021.05.30"]

1. e4 c5 2. Nc3 Nc6 3. g3 g6 4. Bg2 Bg7 5. Nge2 e6 6. O-O Nge7 7. h3 O-O 8. g4
d5 9. exd5 exd5 10. Ng3 Be6 11. d3 Rc8 12. f4 Qd6 13. Kh2 a6 14. Qe1 Rfe8 15.
Qf2 b5 16. a3 Nd4 17. Kh1 Qb6 18. Be3 Nxc2 19. f5 Nxe3 20. Qxe3 gxf5 21. gxf5 d4
22. Qg5 dxc3 23. f6 Ng6 24. fxg7 Kxg7 25. Nh5+ Kf8 26. Nf6 cxb2 27. Rae1 Kg7 28.
Nh5+ Kf8 29. Nf6 Kg7 30. Nxe8+ Rxe8 31. Qf6+ Kf8 32. h4 c4 33. h5 c3 34. hxg6
hxg6 35. Qh8+ Ke7 36. Qh4+ Kd7 37. Qf6 c2 38. Rxe6 Rxe6 39. Qxf7+ Re7 40. Qd5+
Ke8 41. Qa8+ Qd8 42. Bc6+ Rd7 43. Qxd8+ Kxd8 44. Bxd7 Kxd7 45. Rf7+ Ke6 0-1

[Event "Women's Speed Chess Q3"]
[Site "chess.com INT"]
[Date "2021.05.30"]
[Round "21"]
[White "Shuvalova, Polina"]
[Black "Eswaran, Ashritha"]
[Result "0-1"]
[WhiteTitle "IM"]
[BlackTitle "WIM"]
[WhiteElo "2484"]
[BlackElo "2244"]
[WhiteFideId "24171760"]
[BlackFideId "2080788"]
[EventDate "2021.05.30"]

1. e4 c6 2. d4 d5 3. e5 Bf5 4. Nd2 Nd7 5. Nb3 e6 6. Nf3 h6 7. Be2 Ne7 8. O-O a5
9. a4 Nc8 10. Bd2 Be7 11. Ne1 g5 12. h3 Qc7 13. c4 dxc4 14. Bxc4 Ndb6 15. Bxa5
Rxa5 16. Nxa5 Bb4 17. Bd3 Bxa5 18. Bxf5 exf5 19. Nd3 Nd5 20. Qf3 Nce7 21. Rac1
Qb6 22. b4 Bxb4 23. Rb1 O-O 24. Rfd1 Ra8 25. h4 g4 26. Qe2 Rxa4 27. e6 Qb5 28.
exf7+ Kxf7 29. Ne5+ Kg7 30. Rd3 Nc3 31. Qe3 Nxb1 32. h5 Nd5 33. Qg3 Nbc3 34. Ng6
Ra1+ 35. Kh2 Bf8 36. Qe5+ Kf7 37. Qb8 Qb4 38. Qd8 Bd6+ 39. g3 Qb1 40. Qd7+ Kg8
41. Qe6+ Kg7 42. Qd7+ Kg8 43. Qe6+ Kg7 44. Qe7+ Bxe7 0-1

[Event "Women's Speed Chess Q3"]
[Site "chess.com INT"]
[Date "2021.05.30"]
[Round "21"]
[White "Nguyen, Thi Mai Hung"]
[Black "Enkhtuul, Altan-Ulzii"]
[Result "0-1"]
[WhiteTitle "WGM"]
[BlackTitle "WGM"]
[WhiteElo "2254"]
[BlackElo "2228"]
[WhiteFideId "12401676"]
[BlackFideId "4901444"]
[EventDate "2021.05.30"]

1. d4 Nf6 2. Nf3 c5 3. g3 cxd4 4. Nxd4 e5 5. Nb3 d5 6. Bg2 Nc6 7. e3 Be7 8. O-O
O-O 9. N1d2 Be6 10. Qe2 Qd7 11. Rd1 Bh3 12. Bh1 a5 13. a4 Nb4 14. c3 Nc6 15. e4
d4 16. Nf3 Bg4 17. cxd4 exd4 18. e5 Ne8 19. Qc4 Rd8 20. Nbxd4 Bxf3 21. Bxf3 Nxd4
22. Kg2 Nc7 23. Be3 Nce6 24. Bg4 Qc6+ 25. Qxc6 Nxc6 26. Bb6 Rxd1 27. Rxd1 g6 28.
f4 h5 29. Bf3 Bc5 30. Bxc5 Nxc5 31. Rd5 Nxa4 32. Rb5 Nd4 33. Rxb7 Nxf3 34. Kxf3
Rd8 35. Ke3 Rd1 36. Rb5 Rb1 37. b3 Nc3 38. Rb8+ Kg7 39. Kd4 Ne2+ 40. Kd3 Rb2 41.
Rb5 a4 42. bxa4 Ra2 43. a5 h4 0-1

[Event "Women's Speed Chess Q3"]
[Site "chess.com INT"]
[Date "2021.05.30"]
[Round "21"]
[White "Varshini, V"]
[Black "Sikorova, Olga"]
[Result "1-0"]
[WhiteTitle "WGM"]
[BlackTitle "WGM"]
[WhiteElo "2226"]
[BlackElo "2215"]
[WhiteFideId "5091241"]
[BlackFideId "307033"]
[EventDate "2021.05.30"]

1. e4 e6 2. d4 d5 3. e5 c5 4. c3 Nc6 5. Nf3 Bd7 6. a3 f6 7. exf6 gxf6 8. Be2 c4
9. O-O Bd6 10. Qe1 Qc7 11. Bd1 O-O-O 12. b3 cxb3 13. Bxb3 Na5 14. Nbd2 Nxb3 15.
Nxb3 Kb8 16. Be3 Ne7 17. Qd2 Nf5 18. Rfc1 Nxe3 19. fxe3 Bb5 20. a4 Bc4 21. Rab1
Rhg8 22. Na1 Rg7 23. Nc2 Rdg8 24. Nce1 Qf7 25. Rb2 Qh5 26. Rcb1 b6 27. a5 b5 28.
Rxb5+ Bxb5 29. Rxb5+ Ka8 30. a6 Rxg2+ 31. Nxg2 Qxf3 32. Rb2 Qh3 33. Qf2 Qxh2+
34. Kf1 Qh1+ 35. Qg1 Qxg1+ 36. Kxg1 Rb8 37. Ra2 f5 38. Kf2 Rb6 39. Kf3 Kb8 40.
Nf4 Bxf4 41. Kxf4 Kc7 42. Ke5 Kd7 43. Rh2 Rxa6 44. Rxh7+ Ke8 45. Rb7 Kf8 46. Kf6
Ke8 47. Ke5 Kd8 48. Rg7 Kc8 49. Rh7 Kb8 50. Re7 Rb6 51. Rxe6 Rb5 52. Rd6 a5 53.
Rxd5 Rb3 54. Rxa5 Rxc3 55. Kf4 Kc7 56. Rc5+ Kd6 57. Rxc3 1-0

[Event "Women's Speed Chess Q3"]
[Site "chess.com INT"]
[Date "2021.05.30"]
[Round "21"]
[White "Nguyen, Hong Anh"]
[Black "Rakshitta, Ravi"]
[Result "1-0"]
[WhiteTitle "WIM"]
[BlackTitle "WIM"]
[WhiteElo "1993"]
[BlackElo "2190"]
[WhiteFideId "12406732"]
[BlackFideId "25073230"]
[EventDate "2021.05.30"]

1. d4 Nf6 2. c4 Nc6 3. Nf3 e6 4. g3 Bb4+ 5. Bd2 Bxd2+ 6. Qxd2 d6 7. Bg2 O-O 8.
O-O Qe7 9. Nc3 e5 10. Nd5 Nxd5 11. cxd5 Nxd4 12. Nxd4 exd4 13. Rfc1 Bg4 14. Qxd4
h5 15. e3 a6 16. Rc3 Rac8 17. Rac1 Bf5 18. h3 Qd7 19. Kh2 Rfe8 20. Rc4 Re5 21.
Qc3 Re7 22. Rf4 Bg6 23. Rc4 f6 24. b4 Bf7 25. Qb3 Qb5 26. e4 Qe8 27. Qd3 Qb5 28.
Qc2 c6 29. a4 Qb6 30. a5 Qb5 31. Bf1 Rce8 32. Rd4 Rxe4 33. Rxe4 Qxd5 34. Rxe8+
Bxe8 35. Bc4 Qxc4 36. Qxc4+ Bf7 37. Qd3 Bd5 38. Re1 Kf7 39. Qe2 g5 40. Qe8+ Kg7
41. Re7+ Kh6 42. Qf8+ Kg6 43. Rxb7 Kf5 44. Rb6 h4 45. Rxa6 hxg3+ 46. fxg3 Be4
47. Qxd6 Bd5 48. b5 Ke4 49. bxc6 Bc4 50. c7 Bxa6 51. Qxa6 Kf3 52. c8=Q f5 53.
Qxf5+ Ke3 54. Qad3# 1-0

[Event "Women's Speed Chess Q3"]
[Site "chess.com INT"]
[Date "2021.05.30"]
[Round "21"]
[White "Kanyamarala, Trisha"]
[Black "Socko, Monika"]
[Result "0-1"]
[WhiteTitle "WIM"]
[BlackTitle "GM"]
[WhiteElo "2180"]
[BlackElo "2421"]
[WhiteFideId "45004722"]
[BlackFideId "1106619"]
[EventDate "2021.05.30"]

1. d4 g6 2. c4 Bg7 3. Nc3 d6 4. e4 Nf6 5. Nf3 O-O 6. Be2 Bg4 7. h3 Bxf3 8. Bxf3
Nfd7 9. O-O e5 10. Be3 Nc6 11. d5 Nd4 12. Bxd4 exd4 13. Nb5 c5 14. dxc6 bxc6 15.
Nxd4 c5 16. Nb5 Bxb2 17. Rb1 Be5 18. Nxd6 Qa5 19. Nb5 Nb6 20. Qb3 Qd2 21. Rfd1
Qg5 22. Qe3 Qe7 23. Qe2 h5 24. Rbc1 Qf6 25. g3 h4 26. Bg2 hxg3 27. f3 Rad8 28.
Qc2 Bd4+ 29. Nxd4 cxd4 30. c5 Nc8 31. Qb2 Qf4 32. Rc2 Qe3+ 33. Kh1 d3 34. Rc3
Qe2 35. Qxe2 dxe2 36. Re1 Rd1 37. Rc1 Rxc1 38. Rxc1 Rd8 39. Bf1 exf1=Q+ 40. Rxf1
Rd2 41. Kg1 Kf8 42. Rb1 Ke7 43. Rb7+ Kd8 44. c6 f6 45. Rf7 Rxa2 46. Rxf6 a5 47.
Rxg6 a4 48. e5 a3 49. e6 Re2 50. c7+ Kxc7 51. Rg7+ Kd6 52. Rb7 a2 53. Rb6+ Nxb6
54. h4 a1=Q# 0-1

[Event "Women's Speed Chess Q3"]
[Site "chess.com INT"]
[Date "2021.05.30"]
[Round "21"]
[White "Zhuravleva, Olga"]
[Black "Dordzhieva, Dinara"]
[Result "1-0"]
[WhiteTitle "WIM"]
[BlackTitle "WGM"]
[WhiteElo "2278"]
[BlackElo "2334"]
[WhiteFideId "4145933"]
[BlackFideId "24157570"]
[EventDate "2021.05.30"]

1. e4 c5 2. Nf3 d6 3. d4 cxd4 4. Nxd4 Nf6 5. Nc3 a6 6. Bd3 e6 7. O-O Be7 8. Kh1
Nc6 9. Nb3 O-O 10. f4 Qc7 11. Qf3 b5 12. a3 Bb7 13. Bd2 b4 14. axb4 Nxb4 15.
Rae1 Rac8 16. Nc1 a5 17. Qh3 g6 18. f5 exf5 19. exf5 Nxd3 20. Nxd3 Rfe8 21. fxg6
fxg6 22. Bh6 Qd7 23. Qg3 Qg4 24. Qf2 Rc7 25. Bf4 Rd7 26. Bg3 Nh5 27. Qf7+ Kh8
28. Qxe8+ Kg7 29. Rxe7+ Rxe7 30. Qxe7+ Kh6 31. Qf8+ Kg5 32. Qe7+ Kh6 33. Qxd6
Nxg3+ 34. Qxg3 Qh5 35. Nf4 Qf5 36. Qh4+ Kg7 37. Qe7+ Kh6 38. Qxb7 Qg4 39. Qf3
Qf5 40. Qh3+ Qxh3 41. Nxh3 Kg7 42. g3 g5 43. Kg2 Kg6 44. Kf3 h5 45. Nxg5 Kxg5
46. h4+ Kf5 47. Rd1 a4 48. Rd5+ Ke6 49. Ke4 a3 50. bxa3 Kf6 51. Rd6+ Ke7 52. Ke5
Kf7 53. Nd5 Kg7 54. Kf5 Kf7 55. Rd7+ Ke8 56. Ke6 Kf8 57. Kf6 Ke8 58. Nb6 Kf8 59.
Rd8# 1-0

[Event "Women's Speed Chess Q3"]
[Site "chess.com INT"]
[Date "2021.05.30"]
[Round "21"]
[White "Priyanka, K"]
[Black "Froewis, Annika"]
[Result "1-0"]
[WhiteTitle "WIM"]
[BlackTitle "WFM"]
[WhiteElo "2218"]
[BlackElo "2143"]
[WhiteFideId "5082986"]
[BlackFideId "1621432"]
[EventDate "2021.05.30"]

1. e4 e5 2. Nf3 d6 3. d4 exd4 4. Nxd4 Nf6 5. Nc3 Be7 6. Be2 O-O 7. O-O Re8 8.
Re1 Bf8 9. Bf1 c6 10. a4 Nbd7 11. f4 Nc5 12. Bd3 Bg4 13. Qd2 a5 14. h3 Bd7 15.
Nf3 Qb6 16. Qf2 Qc7 17. Be3 Ncxe4 18. Nxe4 Nxe4 19. Bxe4 Rxe4 20. Bb6 Rxe1+ 21.
Rxe1 Qc8 22. Qd2 c5 23. b3 Bf5 24. c4 Qc6 25. Bxa5 b6 26. Bc3 Rd8 27. Nh4 Be4
28. Qe2 d5 29. cxd5 Bxd5 30. Nf5 g6 31. Qe5 f6 32. Qxf6 Qxf6 33. Bxf6 Ra8 34.
Ne7+ Kf7 35. Nxd5 Bd6 36. Be5 Bxe5 37. Rxe5 b5 38. axb5 Ra1+ 39. Kf2 Rb1 40. Ne3
Rb2+ 41. Kf3 Rxb3 42. Rxc5 h6 43. Ke4 Rb1 44. Nc4 Rb4 45. b6 1-0

[Event "Women's Speed Chess Q3"]
[Site "chess.com INT"]
[Date "2021.05.30"]
[Round "21"]
[White "Bivol, Alina"]
[Black "Vantika, Agrawal"]
[Result "1-0"]
[WhiteTitle "WGM"]
[BlackTitle "WIM"]
[WhiteElo "2385"]
[BlackElo "2286"]
[WhiteFideId "4100123"]
[BlackFideId "25050389"]
[EventDate "2021.05.30"]

1. e4 c5 2. Nf3 d6 3. b3 Nc6 4. Bb2 e5 5. Bc4 Be7 6. a4 Nf6 7. h3 O-O 8. Qe2 a6
9. O-O Rb8 10. Bd5 Nxd5 11. exd5 Nb4 12. c4 f5 13. Nc3 e4 14. Ne1 Bf6 15. d3 Re8
16. dxe4 fxe4 17. Nc2 Nd3 18. Ne3 Bd4 19. Rad1 Nxb2 20. Qxb2 Qf6 21. Rc1 Bd7 22.
Qd2 Re7 23. Ne2 Bb2 24. Rb1 Be5 25. f4 exf3 26. Rxf3 Qg6 27. Rbf1 h6 28. Nf4
Bxf4 29. Rxf4 Bxh3 30. Nf5 Bxf5 31. Rxf5 Rbe8 32. Qf4 Re2 33. Rf8+ Rxf8 34.
Qxf8+ Kh7 35. Qf3 Rb2 36. Re1 Rb1 37. Rxb1 Qxb1+ 38. Kh2 Qg6 39. Kg1 h5 40. Kh2
Kg8 41. Qh3 Qg5 42. Qe6+ Kh7 43. Qxd6 h4 44. Qe6 Qg3+ 45. Kh1 g6 46. d6 Qf2 47.
Qe5 Qf1+ 48. Kh2 Kh6 49. d7 Qd3 50. Qh8+ Kg5 51. d8=Q+ 1-0

[Event "Women's Speed Chess Q3"]
[Site "chess.com INT"]
[Date "2021.05.30"]
[Round "21"]
[White "Mkrtchian, Lilit"]
[Black "Sviridova, Vlada"]
[Result "1-0"]
[WhiteTitle "IM"]
[BlackTitle "WFM"]
[WhiteElo "2388"]
[BlackElo "2144"]
[WhiteFideId "13300601"]
[BlackFideId "24109606"]
[EventDate "2021.05.30"]

1. e4 e6 2. Qe2 c5 3. Nf3 Nc6 4. g3 g6 5. Bg2 Bg7 6. c3 Nge7 7. h4 h5 8. O-O O-O
9. d4 cxd4 10. cxd4 Nxd4 11. Nxd4 Bxd4 12. Rd1 Bg7 13. Nc3 a6 14. Bg5 f6 15. Bf4
e5 16. Be3 f5 17. Rd6 Qc7 18. Rad1 f4 19. Bb6 Qb8 20. Bh3 a5 21. Bxd7 Ra6 22.
Qc4+ Kh7 23. Bb5 Rxb6 24. Rxb6 Bg4 25. Rdd6 fxg3 26. fxg3 Rf3 27. Rd3 Qa7 28.
Na4 Rf8 29. Rd6 Nc8 30. Rxg6 Nxb6 31. Rxb6 Rf3 32. Kg2 Qb8 33. Qd5 Qc8 34. Qc4
Qd8 35. Qd5 Qf8 36. Bc4 Rf2+ 37. Kg1 Rf3 38. Kg2 Rf2+ 39. Kg1 Bh3 40. Qg8+ Qxg8
41. Bxg8+ Kxg8 42. Kxf2 Bf8 43. Rxb7 Bb4 44. Ke3 Be1 45. Kf3 Bg4+ 46. Kg2 Be2
47. Re7 Bd3 48. Rxe5 Bc2 49. Nc3 Bd2 50. Rxh5 Bc1 51. Kf3 Bxb2 52. Rc5 1-0

[Event "Women's Speed Chess Q3"]
[Site "chess.com INT"]
[Date "2021.05.30"]
[Round "21"]
[White "Purtseladze, Maka"]
[Black "Marjanovic, Annamaria"]
[Result "0-1"]
[WhiteTitle "IM"]
[BlackTitle "WGM"]
[WhiteElo "2274"]
[BlackElo "2338"]
[WhiteFideId "13602659"]
[BlackFideId "750930"]
[EventDate "2021.05.30"]

1. e3 Nf6 2. b3 g6 3. Bb2 Bg7 4. f4 O-O 5. Nf3 d5 6. Be2 c5 7. O-O Nc6 8. Ne5
Ne4 9. Nxc6 bxc6 10. Bxg7 Kxg7 11. d3 Nf6 12. Nd2 Qb6 13. c4 Bf5 14. Qc2 Rad8
15. Rad1 Rfe8 16. e4 dxe4 17. dxe4 Bc8 18. e5 Ng8 19. Qc3 e6 20. Ne4 Rxd1 21.
Rxd1 Rd8 22. Rxd8 Qxd8 23. Nxc5 Ne7 24. Ne4 Nf5 25. Qd3 Qb6+ 26. c5 Qb4 27. g4
Qe1+ 28. Bf1 Ne3 29. Qe2 Qc1 30. Nd6 Bd7 31. b4 Nd5 32. f5 Nf4 33. Qc4 Qe3+ 34.
Kh1 Qf3+ 35. Kg1 Qe3+ 36. Kh1 exf5 37. Qxf7+ Kh6 38. g5+ Kxg5 39. Qe7+ Kg4 40.
h3+ Nxh3 41. Bxh3+ Qxh3+ 42. Kg1 Qg3+ 43. Kf1 Qf3+ 44. Ke1 Qe3+ 45. Kd1 Qd3+ 46.
Kc1 Qc3+ 47. Kd1 Qd4+ 48. Kc2 Qf2+ 49. Kb3 Qf3+ 50. Ka4 Qd1+ 51. Ka5 Qd2 52. a4
f4 53. Qxd7+ Kf3 54. Qh3+ Ke2 55. Ne4 Qd8+ 56. Ka6 f3 57. Nc3+ Ke3 58. b5 cxb5
59. axb5 Qe8 60. c6 Qd8 61. e6 Qb6# 0-1

[Event "Women's Speed Chess Q3"]
[Site "chess.com INT"]
[Date "2021.05.30"]
[Round "21"]
[White "Nandhidhaa, P V"]
[Black "Vargas, Gabriela"]
[Result "1-0"]
[WhiteTitle "WGM"]
[BlackTitle "WIM"]
[WhiteElo "2365"]
[BlackElo "2170"]
[WhiteFideId "5050847"]
[BlackFideId "3700860"]
[EventDate "2021.05.30"]

1. b3 d5 2. Bb2 c6 3. g3 Bf5 4. Bg2 Nd7 5. d3 Ngf6 6. Nd2 h6 7. Ngf3 e6 8. O-O
Be7 9. Re1 O-O 10. e4 dxe4 11. dxe4 Bh7 12. e5 Nd5 13. Nd4 a5 14. a3 Nc5 15. Nc4
Qc7 16. Qg4 Bg6 17. h4 h5 18. Qe2 b5 19. Ne3 Rad8 20. Nf1 b4 21. axb4 axb4 22.
Bf3 Nc3 23. Bxc3 bxc3 24. Rad1 Na6 25. Bxh5 Bxh5 26. Qxh5 Nb4 27. Ne3 c5 28. Nf3
Rxd1 29. Rxd1 Rd8 30. Rxd8+ Qxd8 31. Kg2 Bf8 32. Qg4 f6 33. Qc4 Kf7 34. Qxc3 Nd5
35. Nxd5 Qxd5 36. Qd3 Qxd3 37. cxd3 Be7 38. exf6 gxf6 39. Nd2 Bd6 40. Nc4 Bc7
41. Kf3 e5 42. Ke4 Ke6 43. g4 Bb8 44. h5 Bc7 45. Ne3 Ba5 46. Nf5 Bd2 47. h6 Kf7
48. Kd5 Kg6 49. Kxc5 Bxh6 50. Nxh6 Kxh6 51. b4 Kg5 52. b5 Kxg4 53. b6 Kf3 54. b7
Kxf2 55. b8=Q f5 56. Qf8 f4 57. Kd5 f3 58. Ke4 Ke1 59. Qxf3 Kd2 60. Qe3+ Kc3 61.
Kxe5 Kc2 62. Qc5+ Kd1 63. d4 Kd2 64. d5 Ke2 65. d6 1-0